Music Quiz

Random Music or Song Quiz

Aerosmith Songs Quiz Stats

 Plays Quiz Updated Jan 16, 2020

     
Support Sporcle.
Go Orange.
Score 0/159 Timer 12:00
1 Play Today
Album Song % Correct
AerosmithDream On
76.6%
Toys in the AtticWalk This Way
76.5%
PumpLove in an Elevator
67.9%
Permanent VacationDude (Looks Like a Lady)
67.2%
Toys in the AtticSweet Emotion
64.1%
Toys in the AtticToys in the Attic
62.4%
PumpJanie's Got a Gun
61.9%
Get a GripCryin'
61%
Get a GripCrazy
59.2%
Draw the LineDraw the Line
56.8%
Nine LivesPink
53.3%
Permanent VacationRag Doll
52.3%
Just Push PlayJust Push Play
50.8%
Permanent VacationAngel
50.5%
Get a GripLivin' on the Edge
49%
Just Push PlayJaded
48.8%
RocksBack in the Saddle
48.7%
Nine LivesNine Lives
48.5%
Get a GripAmazing
47%
Get a GripGet a Grip
46.9%
Permanent VacationPermanent Vacation
46.2%
AerosmithMama Kin
45.6%
Get Your WingsSame Old Song and Dance
42.3%
Get a GripEat the Rich
40.8%
RocksLast Child
39.4%
PumpWhat It Takes
38.9%
Get Your WingsTrain Kept A-Rollin'
37.8%
Rock in a Hard PlaceRock in a Hard Place (Cheshire Cat)
36.8%
Draw the LineKings and Queens
36.4%
Toys in the AtticBig Ten Inch Record
35.7%
PumpThe Other Side
35.6%
Toys in the AtticUncle Salty
35.3%
Nine LivesFalling in Love (Is Hard on the Knees)
34.1%
PumpF.I.N.E.*
32.2%
AerosmithWalkin' the Dog
31%
RocksRats in the Cellar
30.9%
Get Your WingsSeasons of Wither
30.9%
AerosmithMake It
30.9%
Music From Another Dimension!Legendary Child
30.8%
Toys in the AtticAdam's Apple
30.4%
Music From Another Dimension!LUV XXX
30.3%
Nine LivesHole in My Soul
30%
Night in the RutsRemember (Walking in the Sand)
29.4%
Toys in the AtticYou See Me Crying
29.4%
Music From Another Dimension!Something
29.3%
Get Your WingsLord of the Thighs
29.3%
Music From Another Dimension!Beautiful
29.2%
AerosmithMovin' Out
28.9%
Toys in the AtticNo More No More
28.8%
Toys in the AtticRound and Round
28.6%
PumpYoung Lust
28.4%
Done with MirrorsLet the Music Do the Talking
28%
Get Your WingsPandora's Box
27.9%
Album Song % Correct
Nine LivesTaste of India
27.3%
Get Your WingsS.O.S. (Too Bad)
27.2%
Permanent VacationHangman Jury
26.7%
PumpMonkey on My Back
26.7%
Get a GripIntro
26.3%
RocksCombination
26.1%
Get a GripShut Up and Dance
25.9%
AerosmithOne Way Street
25.9%
Music From Another Dimension!Oh Yeah
25.9%
Music From Another Dimension!Street Jesus
25.8%
RocksNobody's Fault
25.5%
Just Push PlayBeyond Beautiful
25.4%
Get a GripFever
25.3%
AerosmithSomebody
25.2%
RocksHome Tonight
25.2%
Music From Another Dimension!What Could Have Been Love
25.1%
AerosmithWrite Me
24.8%
RocksSick as a Dog
24.7%
Night in the RutsNo Surprize
24.3%
Rock in a Hard PlacePush Comes to Shove
24.2%
Permanent VacationHeart's Done Time
24.1%
PumpVoodoo Medicine Man
24.1%
Nine LivesFull Circle
23.9%
RocksLick and a Promise
23.7%
Permanent VacationThe Movie
23.5%
Permanent VacationI'm Down
23.4%
Just Push PlayFly Away from Here
23.3%
Get Your WingsSpaced
23.2%
Get Your WingsWoman of the World
23.1%
Music From Another Dimension!Freedom Fighter
23.1%
Rock in a Hard PlaceLightning Strikes
22.9%
Night in the RutsMia
22.8%
Permanent VacationSt. John
22.7%
Get a GripFlesh
22.6%
Draw the LineMilk Cow Blues
22.6%
Music From Another Dimension!Another Last Goodbye
22.6%
Music From Another Dimension!Lover Alot
22.5%
Nine LivesThe Farm
22.5%
Night in the RutsChiquita
22.5%
Permanent VacationMagic Touch
22.5%
Done with MirrorsMy Fist Your Face
22.4%
RocksGet the Lead Out
22.4%
Music From Another Dimension!Out Go the Lights
22.3%
Music From Another Dimension!Can't Stop Lovin' You
22%
Nine LivesAin't That a Bitch
21.9%
Permanent VacationSimoriah
21.8%
Draw the LineBright Light Fright
21.6%
PumpMy Girl
21.5%
PumpDon't Get Mad, Get Even
21.4%
Honkin' on BoboBaby, Please Don't Go
21.4%
Get a GripWalk On Down
21.4%
Get a GripBoogie Man
21.2%
Nine LivesFallen Angels
21.1%
Album Song % Correct
Music From Another Dimension!Closer
21%
Rock in a Hard PlaceJailbait
20.9%
Just Push PlaySunshine
20.9%
Night in the RutsBone to Bone (Coney Island White Fish Boy)
20.8%
Honkin' on BoboRoad Runner
20.8%
Get a GripLine Up
20.8%
Music From Another Dimension!Tell Me
20.5%
Night in the RutsCheese Cake
20.5%
Just Push PlayAvant Garden
20.5%
Draw the LineGet It Up
20%
Done with MirrorsShela
20%
Nine LivesCrash
19.9%
Music From Another Dimension!We All Fall Down
19.7%
Nine LivesAttitude Adjustment
19.6%
Draw the LineCritical Mass
19.6%
Done with MirrorsDarkness
19.2%
Honkin' on BoboJesus Is on the Main Line
19.1%
Rock in a Hard PlaceBitch's Brew
18.9%
Nine LivesKiss Your Past Good-Bye
18.9%
Rock in a Hard PlaceJoanie's Butterfly
18.8%
Night in the RutsThree Mile Smile
18.7%
Permanent VacationGirl Keeps Coming Apart
18.6%
Night in the RutsReefer Head Woman
18.5%
Draw the LineI Wanna Know Why
18.4%
Just Push PlayLuv Lies
18.3%
Done with MirrorsThe Reason a Dog
18.2%
Rock in a Hard PlaceCry Me a River
18%
Rock in a Hard PlacePrelude to Joanie
17.9%
Draw the LineSight for Sore Eyes
17.8%
Rock in a Hard PlaceBolivian Ragamuffin
17.8%
Get a GripGotta Love It
17.8%
Just Push PlayDrop Dead Gorgeous
17.8%
Just Push PlayTrip Hoppin'
17.6%
Honkin' on BoboShame, Shame, Shame
17.5%
Done with MirrorsThe Hop
17.5%
Done with MirrorsShame on You
17.4%
Nine LivesSomething's Gotta Give
17.1%
Done with MirrorsGypsy Boots
17%
Draw the LineThe Hand That Feeds
17%
Honkin' on BoboThe Grind
17%
Done with MirrorsShe's on Fire
16.9%
Honkin' on BoboBack Back Train
16.6%
Night in the RutsThink About It
16.5%
Just Push PlayLight Inside
16.1%
Rock in a Hard PlaceJig Is Up
16%
Honkin' on BoboYou Gotta Move
15.8%
Honkin' on BoboNever Loved a Girl
15.6%
Just Push PlayOutta Your Head
15.5%
Honkin' on BoboStop Messin' Around
15.5%
Just Push PlayUnder My Skin
15.4%
Honkin' on BoboEyesight to the Blind
15.3%
Honkin' on BoboTemperature
15%
Honkin' on BoboI'm Ready
14%

From the Vault

Anyone but Grover Cleveland

by lolshortee

History 4m
Well... What exactly did he expect with a mustache like that?
Remove Ads.
Support Sporcle.
Get the best of Sporcle when you Go Orange. This ad-free experience offers more features, more stats, and more fun while also helping to support Sporcle. Thank you for becoming a member.

Show Comments

Extras

Top Quizzes Today


Score Distribution

Your Account Isn't Verified!

In order to create a playlist on Sporcle, you need to verify the email address you used during registration. Go to your Sporcle Settings to finish the process.

Report this User

Report this user for behavior that violates our Community Guidelines.

Details: